000 00538nam a2200181 4500
001 123748
003 ES-MaACL
005 20250722131825.0
007 t|
008 070214s1976 sp r ||||1| cat d
245 0 0 _aQuinze poetes gallecs /
_cJosep María Llompart ; próleg de Basilio Losada.
260 _aPalma de Mallorca :
_bMoll,
_c1976.
300 _a116 p. ;
_c16 cm.
700 1 _aLlompart, Josep M.
_972812
700 1 _aLosada, Basilio,
_d1930-
_974251
852 _aES-MaACL
_jE-10115
_bR.94360
999 _c123748
_d123748